[Event "AUT-chT2O 2223"]
[Site "Austria"]
[Date "2023.02.19"]
[Round "9"]
[White "Fingerhut, Ludwig"]
[Black "Steiner, Bruno"]
[Result "1/2-1/2"]
[WhiteElo "1825"]
[BlackElo "2070"]
[PlyCount "63"]
[EventDate "2022.10.15"]
[EventType "team-tourn"]
[EventRounds "11"]
[EventCountry "AUT"]
[SourceTitle "CBM 213 Extra"]
[Source "ChessBase"]
[SourceDate "2023.05.31"]
[SourceVersion "1"]
[SourceVersionDate "2023.05.31"]
[SourceQuality "1"]
[WhiteTeam "Purbach/Donnerskirchen"]
[BlackTeam "Kottingbrunn"]
[WhiteTeamCountry "AUT"]
[BlackTeamCountry "AUT"]

1. e4 c5 2. Nc3 Nc6 3. g3 g6 4. Bg2 Bg7 5. Nge2 d6 6. d3 e5 7. 0-0 Nge7 8. f4 0-0 9. a3 Nd4 10. Nxd4 exd4 11. Ne2 d5 12. e5 Be6 13. Kh1 f6 14. exf6 Bxf6 15. Ng1 Nf5 16. Re1 Qd6 17. Nf3 Rae8 18. Bd2 b6 19. Ne5 Kg7 20. b3 Bg8 21. Ng4 h5 22. Nxf6 Qxf6 23. Qf3 Ne3 24. Rac1 Nf5 25. a4 Qd6 26. Bh3 Be6 27. Re5 Ne3 28. Bxe6 Rxe6 29. Rxe6 Qxe6 30. Re1 Re8 31. Kg1 Kf8 32. c3 1/2-1/2